00609nam a2200109Ia 4500008004100000020001800041245012900059260002200188650022900210650001500439856004500454171212s9999 xx 000 0 und d a9781925022261 ceditor Ball, Desmond;Tanter, RichardaThe Tools of OwatatsumibJapan’s Ocean Surveillance and Coastal Defence Capabilities bANU E Pressc2015 aBoundary disputes; Underwater surveillance -- Japan; Coast defenses -- Japan; Territorial waters -- Japan; Territorial waters -- China; United States -- Foreign relations -- Japan; Japan -- Foreign relations -- United States aTechnology uhttp://www.jstor.org/stable/j.ctt13wwvvt